00650nam a2200193 a 450000100060000000300080000600500170001400800410003103500420007204000350011404100080014908200260015710000310018324500730021426000420028730000330032950400680036265000260043030864BD-RjUL20211209051627.0161204r19641939pk a b 001 0beng d a(UkLCURL)980074930557a(BD-RjUL)30951 aBD-RjULbengcBD-RjULdBD-RjUL aeng a181.07bAFM 19642231 aAffifi, A. E.q(Abul Ela).14aThe mystical philosophy of Muhyid Din-Ibnul Arabi /cby A.E. Affifi. aLahore :bSh. Muhammad Ashraf,c1964. axiv, 213 p :bill. ;c22 cm. aIncludes bibliographical references (p. [195]-201) and indexes. aMysticismxphilosophy